VI Congreso Nacional de Anatomía Patológica (Record no. 46521)

MARC details
000 -LEADER
campo de control de longitud fija 00686nam a2200181 i 4500
001 - NÚMERO DE CONTROL
campo de control 46521
003 - IDENTIFICADOR DE NÚMERO DE CONTROL
campo de control ES-MaACL
005 - FECHA Y HORA DE LA ÚLTIMA TRANSACCIÓN
campo de control 20230906161411.0
007 - CAMPO FIJO DE DESCRIPCIÓN FÍSICA--INFORMACIÓN GENERAL
campo de control de longitud fija t|
008 - DATOS DE LONGITUD FIJA--INFORMACIÓN GENERAL
campo de control de longitud fija 030331s1973 sp ||||1| spa d
111 2# - ENTRADA PRINCIPAL--NOMBRE DE CONGRESO/REUNIÓN
Nombre de congreso/reunión o jurisdicción como elemento de entrada Congreso Nacional de Anatomía Patológica (
Número del congreso/reunión o número de parte o sección 6º.
Fecha del congreso o de la firma del tratado 1973.
Sede del congreso/Lugar de la reunión Murcia)
9 (RLIN) 511
245 10 - MENCIÓN DEL TÍTULO
Título VI Congreso Nacional de Anatomía Patológica
Resto del título : I Reunión conjunta con la Sociedad Española de Oncología.
260 ## - PUBLICACIÓN, DISTRIBUCIÓN, ETC.
Lugar de publicación, distribución, etc. Murcia :
Nombre del editor, distribuidor, etc. [s.n.,
Fecha de publicación, distribución, etc. 1973] (
Fabricante Imp. Nogués)
300 ## - DESCRIPCIÓN FÍSICA
Extensión 77 p. con 1 lám. :
Otras características físicas il. ;
Dimensiones 19 cm.
710 2# - ENTRADA AGREGADA--NOMBRE DE ENTIDAD CORPORATIVA
Nombre de entidad corporativa o nombre de jurisdicción como elemento de entrada Sociedad Española de Oncología.
9 (RLIN) 6743
740 0# - ENTRADA AGREGADA--TÍTULO RELACIONADO/ANALÍTICO NO CONTROLADO
Título relacionado o analítico no controlado Sexto Congreso Nacional de Anatomía Patológica.
852 ## - LOCALIZACIÓN
Ubicación ES-MaACL
Número de control de estantería C-53670
Sublocalización o colección R.86520
Holdings
Estatus retirado Estado de pérdida Estado de daño No para préstamo Biblioteca de origen Biblioteca actual Ubicación en estantería Fecha de adquisición Fuente de adquisición Total de préstamos Signatura topográfica completa Código de barras Visto por última vez Precio de reemplazo Tipo de ítem Koha
        Biblioteca del Ateneo de Madrid Biblioteca del Ateneo de Madrid Depósito 2 17/01/2008     C-53670 1048925 23/02/2023 23/02/2023 Libro impreso